[Event "Chigorin Memorial 22nd"]
[Site "St Petersburg"]
[Date "2014.10.19"]
[Round "2"]
[White "Goryachev, Maksim"]
[Black "Mamyrbay, Assad"]
[Result "0-1"]
[WhiteElo "1693"]
[BlackElo "2063"]
[PlyCount "74"]
[EventDate "2014.10.18"]
[EventType "swiss"]
[EventRounds "9"]
[EventCountry "RUS"]
[SourceTitle "EXT 2015"]
[Source "ChessBase"]
[SourceDate "2014.11.20"]
[SourceVersion "1"]
[SourceVersionDate "2014.11.20"]
[SourceQuality "1"]

1. e4 c5 2. Nf3 d6 3. Bb5+ Nd7 4. 0-0 a6 5. Bxd7+ Bxd7 6. c3 Nf6 7. Re1 e5 8. d3 Be7 9. Nbd2 0-0 10. Nf1 Re8 11. Ng3 Bf8 12. h3 g6 13. Bg5 h6 14. Be3 Bg7 15. Qd2 Kh7 16. Nh2 Rc8 17. f4 c4 18. d4 exd4 19. Bxd4 Bc6 20. Qc2 Qa5 21. f5 Nxe4 22. fxg6+ fxg6 23. Nxe4 Qf5 24. Bxg7 Kxg7 25. Qf2 Rxe4 26. Rxe4 Qxf2+ 27. Kxf2 Bxe4 28. Rd1 d5 29. Nf1 Rf8+ 30. Kg3 Kf6 31. Ne3 Ke6 32. Ng4 h5 33. Nf2 Bf5 34. h4 b5 35. Rd4 Ke5 36. Nd1 b4 37. Ne3 Be4 0-1